000 01618cam a2200181 4500500
005 20251228095055.0
041 _afre
042 _adc
100 1 0 _aVieira, António
_eauthor
245 0 0 _aLa tyrannie du on. L’impasse
260 _c2019.
500 _a80
520 _aDans ce bref essai composé de fragments, l’auteur questionne le rôle qu’exerce de plus en plus le goût de la foule sur le travail des intellectuels. Ce phénomène, qui illustre en quelque sorte le triomphe de l’anonymat sur la scène de l’histoire, a des retentissements autant sur la qualité de l’art (la banalité, la vulgarité, le kitsch) que sur l’éthique de la création intellectuelle.
520 _aIn this brief essay made up of fragments, the author looks into how the work of intellectuals is increasingly permeated by a taste for crowds. In a way, this illustrates the triumph of anonymity on the historical stage and has an impact both on the quality of art (triviality, vulgarity, and kitsch) and on the ethics of intellectual creation.
520 _aNeste breve ensaio composto por fragmentos, o autor questiona a influência crescente exercida pelo gosto das massas sobre o trabalho dos intelectuais. Este fenómeno, que ilustra, em certa medida, o papel dominante do anonimato na cena histórica, tem implicações tanto a nível da qualidade da arte (banalidade, vulgaridade, kitsch) como no plano ético da criação intelectual.
786 0 _nSigila | 43 | 1 | 2019-04-30 | p. 127-135 | 1286-1715
856 4 1 _uhttps://shs.cairn.info/revue-sigila-2019-1-page-127?lang=fr&redirect-ssocas=7080
999 _c1605516
_d1605516